00973nas a2200229Ia 4500001001100000003000900011008004100020040001300061040001300074041001300087100004700100210001200147222001200159245009300171250001100264260002200275501008600297300002000383362003500403500026200438650004300700R142/77680IT-RoPAU151124c99999999xx |||||||||||| ||und|| aIT-RoPAU cIT-RoPAU aFRANCESE aRosenberg NathangCodice Aut. SPICS: 46040 aRESEAUX aReseaux aRESEAUX, N.055 (SETTEMBRE/OTTOBRE 1992)bDans Quelle Mesure la Science Est-Elle Exogene? a1a ed. aPARISbCNETc1992 bPaulus - SPICS - Società San Paolo EM (non-commercial uses only)cCopyright2015 a18 p. [209-226] aN.055 (SETTEMBRE/OTTOBRE 1992) aIn che Misura la Scienza è Esogena?: Caso dei Laboratori Bell e della Ricerca Fondamentale. Scoperte Tecniche: Campo di Ricerca per gli Scienziati. Domande Tecniche Stimolano la Ricerca Fondamentale. Interazione tra Scienzae Tecnica. Pressione della Doman aCOMUNICAZIONEvPUBBLICAZIONE PERIODICA